000 00571nam a2200217Ia 4500
003 OSt
005 20220928144747.0
006 a|||||r|||| 00| 0
007 ta
008 220927b |||||||| |||| 00| 0 eng d
024 _a73650
037 _cTextual
040 _aSDCL
_cSDCL
_beng
041 _2eng
_aeng
082 _aV2:72'D3, L4
100 _aChakrabarti Haripada
_9509562
245 0 _aEarly Brahmi records in India 300B C and 300A D.
260 _c1974
942 _hV2:72'D3, L4
_cTEXL
_2CC
999 _c829547
_d829547